000 00348nam a2200157Ia 4500
003 0STCL
008 150530s9999 xx 000 0 und d
040 _aSTCL
_cSTCL
100 _aTozer, H.F
245 4 _aThe church and the eastern empire
260 _c1888
546 _aEnglish
942 _2ddc
_cBK
999 _c5287
_d5287
005 20220125165410.0